00506nam a22001457a 4500020001800000082001600018100002300034245007000057260004700127300000800174650001300182942000700195952014100202999001700343 a9788120831094 a294.363 SWE aSwearer, Donald K. aBecoming the Buddha: The Ritual of Image Consecration in Thailand aDelhibMotilal Banarsidas Publishersc2007 a332 aBuddhism cBK 001040708NFICaHMIbHMIcGENd2020-09-15eDasgupta Publishers, Kolkatag495.00l0o294.363 SWE V57p25753r2020-09-22w2020-09-22yBK c23069d23069